| 000 | 00706nam a2200193Ia 4500 | ||
|---|---|---|---|
| 003 | GCL | ||
| 005 | 20240530110107.0 | ||
| 008 | 140319s9999 xx 000 0 ara d | ||
| 040 |
_aGCL / _cGCL |
||
| 082 | 0 | 4 |
_aق _b962.04 _bر ت |
| 100 | 1 | _aريشتين، تيودور | |
| 245 | 1 | 0 |
_aتاريخ المسألة المصرية 1875ـ1910 : _bEGYPT'S RUIN / _cريشتين، تيودور |
| 250 | _aالثالثة | ||
| 260 |
_aبيروت : _bدار الوحدة للطباعة والنشر ، _c1950 |
||
| 300 |
_a431 ص ؛ _c24 سم |
||
| 650 | 0 | 4 | _aمصر - تاريخ - العصر الحديث - الاحتلال البريطانى |
| 700 | 1 | _aعبدالحميد العبادى | |
| 942 |
_2ddc _cBK |
||
| 999 |
_c58488 _d58488 |
||